书目信息 |
| 书名: | Appreciation of literary forms | |
| 作者: | James A. Giroux, Glenn R. Williston. | |
| 分册号: | ||
| 分册名: | 出版地: | Providence : |
|
| 出版社: | Jamestown | |
| 出版时间: | c1974. | |
| 页数: | 64 p. : | |
| 开本: | ||
| 丛书名: | ||
| 中图分类号: | ||
| 科图分类号: | ||
| 其他分类号: | H31 | |
| 主题词: | ||
| 电子资源: | ||
| 000 | 00881nam 2200265ki 4500 | |
| 001 | E0755851503 | |
| 005 | 20070224153110.84 | |
| 008 | 040531s1974 xx j 00000 eng d | |
| 020 | @a0890610185. | |
| 040 | @aGSU@cGSU@dCIN | |
| 090 | @aJ688.4/W560 | |
| 090 | @aH31 | |
| 099 | @dH31@ex113:3 | |
| 100 | 1 | @aGiroux, James A. |
| 245 | 10 | @aAppreciation of literary forms / @cJames A. Giroux, Glenn R. Williston. |
| 260 | @aProvidence :@bJamestown,@cc1974. | |
| 300 | @a64 p. :@bill. | |
| 490 | 1 | @aComprehension skills series : Advanced level ; CB-7A. |
| 500 | @aCover title: Appreciation of literary forms ... when reading. | |
| 650 | 0 | @aReading comprehension. |
| 650 | 0 | @aReading. |
| 650 | 0 | @aLiterature. |
| 700 | 1 | @aWilliston, Glenn R. |
| 710 | 2 | @aJamestown Publishers. |
| 830 | 0 | @aComprehension skills series : Advanced level ;@vno. CB-7A. |
| Appreciation of literary forms / / James A. Giroux, Glenn R. Williston.-Providence : : Jamestown, , c1974. |
| 64 p. : : ill.- (Comprehension skills series : Advanced level ; CB-7A. ) |
| Cover title: Appreciation of literary forms ... when reading. |
| ISBN 0890610185. |
| ● |
| 相关链接 |
|
|
|
|
正题名:Appreciation of literary forms
索取号:H31/x113:3
 
预约/预借
| 序号 | 登录号 | 条形码 | 馆藏地/架位号 | 状态 | 备注 |
| 1 | 45842 | 001039860 | 密集书库/ [索取号:H31/x113:3] | 在馆 | |
| 2 | 45846 | 001039940 | 密集书库/ [索取号:H31/x113:3] | 在馆 | |
| 3 | 45847 | 001039931 | 密集书库/ [索取号:H31/x113:3] | 在馆 | |
| 4 | 45848 | 001040634 | 第四借阅区/ [索取号:H31/x113:3] | 在馆 | |
| 5 | 45849 | 001040545 | 第四借阅区/ [索取号:H31/x113:3] | 在馆 | |
| 6 | 45850 | 001040643 | 第四借阅区/ [索取号:H31/x113:3] | 在馆 | |
| 7 | 45851 | 001040509 | 第四借阅区/ [索取号:H31/x113:3] | 在馆 | |
| 8 | 45852 | 001040518 | 第四借阅区/ [索取号:H31/x113:3] | 在馆 | |
| 9 | 45853 | 001040466 | 密集书库/ [索取号:H31/x113:3] | 在馆 | |
| 10 | 45854 | 001040616 | 密集书库/ [索取号:H31/x113:3] | 在馆 | |
| 11 | 45855 | 001040563 | 密集书库/ [索取号:H31/x113:3] | 在馆 | |
| 12 | 45856 | 001039806 | 密集书库/ [索取号:H31/x113:3] | 在馆 | |
| 13 | 45857 | 001040475 | 密集书库/ [索取号:H31/x113:3] | 在馆 | |
| 14 | 45859 | 001039904 | 密集书库/ [索取号:H31/x113:3] | 在馆 | |
| 15 | 45860 | 001040590 | 密集书库/ [索取号:H31/x113:3] | 在馆 | |
| 16 | 45861 | 001039842 | 密集书库/ [索取号:H31/x113:3] | 在馆 | |
| 17 | 45862 | 001040607 | 密集书库/ [索取号:H31/x113:3] | 在馆 | |
| 18 | 45863 | 001040536 | 第四借阅区/ [索取号:H31/x113:3] | 在馆 | |
| 19 | 45864 | 001040527 | 密集书库/ [索取号:H31/x113:3] | 在馆 | |
| 20 | 45866 | 001039977 | 密集书库/ [索取号:H31/x113:3] | 在馆 | |
| 21 | 45867 | 001040625 | 密集书库/ [索取号:H31/x113:3] | 在馆 | |
| 22 | 45868 | 001039897 | 密集书库/ [索取号:H31/x113:3] | 在馆 | |
| 23 | 45869 | 001040572 | 密集书库/ [索取号:H31/x113:3] | 在馆 | |
| 24 | 45870 | 001039888 | 密集书库/ [索取号:H31/x113:3] | 在馆 | |
| 25 | 45871 | 001040554 | 密集书库/ [索取号:H31/x113:3] | 在馆 | |
| 26 | 96670 | 001039986 | 密集书库/ [索取号:H31/x113:3] | 在馆 | |
| 27 | 96671 | 001040457 | 密集书库/ [索取号:H31/x113:3] | 在馆 | |
| 28 | 96673 | 001040493 | 密集书库/ [索取号:H31/x113:3] | 在馆 | |
| 29 | 96674 | 001039879 | 密集书库/ [索取号:H31/x113:3] | 在馆 |